00639nam a2200229 a 4500001001300000003000900013005001700022008004100039020001000080082001700090100002100107245001900128260003100147300000900178500003500187650001900222700002100241902000800262942000700270952011700277999001500394nice12345678IN_TiNIC20260116011415.0070620s0000 teha grp 000 0 per  ac10000a891.51bRUM7 aRumi, Jajaluddin aShamsul Haqaiq aTehranbNo Publisherc0000 a375p aincludes index and biblioraphy aPersian Poetry1 aRumi, Jajaluddin bSRS cBK 001040708StackRoom-aHMIbHMId2007-06-20g100.00l0o891.51 RUM7p04699r2007-06-20v100.00w2007-06-20yBK c1259d1259